| 000 | 00678nam a2200241 a 4500 | ||
|---|---|---|---|
| 001 | 785 | ||
| 003 | BR-CuiBMT | ||
| 005 | 20231127202845.0 | ||
| 008 | 231117s1998 spba 001 0 por d | ||
| 020 | _a8522420602 | ||
| 040 |
_aBR-CuiBMT _cBR-CuiBMT |
||
| 080 |
_22007 _a657 |
||
| 090 |
_a657 _bM341c _c8. ed. |
||
| 100 | 1 |
_aMarion, José Carlos, _d1949- |
|
| 245 | 1 | 0 |
_aContabilidade empresarial / _cJosé Carlos Marion. |
| 250 | _a8. ed. | ||
| 260 |
_aSão Paulo : _bAtlas, _c1998. |
||
| 300 |
_a514 p. : _bil. color. ; _c24 cm |
||
| 504 | _aInclui bibliografia. | ||
| 650 |
_aContabilidade _vEstudo e ensino _zBrasil |
||
| 650 |
_aEmpresas _vContabilidade |
||
| 942 |
_2udc _cLV |
||
| 999 |
_c785 _d785 |
||